| 000 | nam a22 7a 4500 | ||
|---|---|---|---|
| 999 |
_c234300 _d234300 |
||
| 003 | Nust | ||
| 005 | 20170317111029.0 | ||
| 008 | 170317b xxu||||| |||| 00| 0 eng d | ||
| 040 | _c0 | ||
| 082 | _a336 | ||
| 100 | _4Attiat F . Ott | ||
| 245 | _aThe Elgar Companion to public economics empirical public economics | ||
| 260 |
_aUSA _bCheltenham _c2006 |
||
| 300 | _a466p | ||
| 942 |
_2ddc _cBK |
||